Phares du Canada par image - Statistiques

Statistiques générales
  • Ce quiz a été pris 7 fois
  • Le résultat moyen est 1 sur 30
Statistiques - réponses
Par images Hint Réponse % Correct
Peggys Cove, Nouvelle-Écosse
40%
Haut-Fond Prince, Québec
20%
Lachine, Montréal
20%
C'est un autre phare avec des contreforts en béton. Le sous-marin Onondaga est une exposition de musée ici. Pointe-au-Père, Québec
20%
Brockton Point, Vancouver
0%
Canal de Soulanges, Fleuve Saint-Laurent, Québec
0%
Cap Bonavista, Terre-Neuve
0%
Cap d'Espoir (Cape Spear), Saint-Jean de Terre-Neuve
0%
Le plus haut phare du Canada Cap-des-Rosiers, Québec
0%
Ce phare est maintenant dans un musée d'Ottawa, mais il a été construit sur la côte atlantique. Cape North (Nouvelle-Écosse)
0%
Cap Fourchu, Nouvelle-Écosse
0%
La station télégraphique sans fil a intercepté le signal de détresse du Titanic. Cap Race, Terre-Neuve
0%
Entrance Island, Colombie-Britannique
0%
Ferryland, Terre-Neuve
0%
Fisgard, port de Victoria
0%
Gannet Rock, Nouveau-Brunswick
0%
Gibraltar Point, Toronto
0%
Heart's Content, Terre-Neuve
0%
Île Campobello (East Quoddy Head / Head Harbour), Nouveau-Brunswick
0%
Les zones de pêche commerciale sont réglementées par les États-Unis et le Canada. Île Machias Seal, Nouveau-Brunswick (ou Maine?)
0%
C'est le plus ancien phare d'Amérique du Nord Île Sambro, Halifax
0%
Long Point (Pointe Longue / Crow Head), Terre-Neuve
0%
Le phare a été déménagé à Ville de Québec en 1981 et est revenu en 1997. Pointe-à-la-Renommée, Québec
0%
Un sous-marin japonais l'a attaqué en 1942. Pointe Estevan, Colombie-Britannique
0%
Pointe Mitis, Québec
0%
Port Dalhousie, Ontario
0%
Queen's Wharf (Quai de la Reine / Fleet Street), Toronto
0%
Race Rocks, Colombie-Britannique
0%
Une bataille a eu lieu ici en 1838. Windmill Point (Bataille-du-Moulin-à-Vent), Ontario
0%
Wood Islands (Îles de Bois), Île-du-Prince-Édouard
0%
Aucun quiz correspondant
Distribution des résultats
% des personnes avec chaque résultat
Percentile par nombre de réponses
Votre historique - résultats
Vous n’avez pas pris ce quiz